Insurrección estudiantil: universitarios en las barricadas /

Gardado en:
Detalles Bibliográficos
Autor Principal: Cuadra, Scarlet
Formato: Texto
Etiquetas: Engadir etiqueta
Sen Etiquetas, Sexa o primeiro en etiquetar este rexistro!

MARC

LEADER 00000 a a2200000 04500
001 46006
003
040 |a CRAI/IIS  |c CRAI/IIS 
100 |a Cuadra, Scarlet  
245 |a Insurrección estudiantil:   |b universitarios en las barricadas /  |c Scarlet Cuadra  
773 |g volumen17, número409 (1997), páginas 4-5 : fotos  
999 |c 18546  |d 18546